• 首页
  • 本馆介绍
  • 公告通知
  • 最新文献
  • 馆藏检索
  • 电子资源
  • 读者导购
  • 参考咨询
  • 我的图书馆
  • 登录
  • 详细信息显示
  • 放入我的书架
  • 预约/预借图书
  • 作者相关作品
  • 分类相关作品
  • 丛书相关作品
  • 出版社相关作品

书目信息

  • 表格格式
  • 工作单格式
  • 卡片格式
题名:
啤酒酿造技术概要
    
 
作者: 张志强 编著
分册:  
出版信息: 北京   中国轻工业出版社  1995
页数: 226页
开本: 19cm
丛书名:
单 册:
中图分类: TS262.5
科图分类: 83.6261
主题词: 啤酒酿造--概论
电子资源:
ISBN: 7-5019-1730-2
000 00724n|m0 2200253 450
001 0102601610
005 20121109170000.0
010    @a7-5019-1730-2@dCNY12.00
011    @a7-5019-1730-2
100    @a20021005d1995 em y0chiy0110 ea
101 0  @achi
102    @aCN@b110000
105    @ay z 000yy
135    @adrbn ---auuuu
200 1  @a啤酒酿造技术概要@9Pi Jiu Niang;Nian Zao Ji Shu;Zhu Gai Yao @f张志强编著@b电子资源.图书
210    @a北京@c中国轻工业出版社@d1995
215    @a226页@d19cm
325    @a电子复制品
606 0  @a啤酒酿造@x概论
690    @aTS262.5@v3
692    @a83.6261
701  0 @a张志强@9zhang zhi qiang@4编著
801  0 @aCN@bAZmarc@c20230904
905    @dTS262.5@e42@f3@sTS262.5/42@aBZT
    
    啤酒酿造技术概要/张志强编著[电子资源.图书].-北京:中国轻工业出版社,1995
    226页;19cm
    
    
    ISBN 7-5019-1730-2:CNY12.00
    
●
相关链接 在五车中查询图书 在当当中查询图书 在豆瓣中查询图书


正题名:啤酒酿造技术概要     索取号:TS262.5/42         预约/预借

序号 登录号 条形码 馆藏地/架位号 状态 备注
1 2000041060   2000041060   旧书回溯/ [索取号:TS262.5/42] 在馆    
2 2000041061   2000041061   旧书回溯/ [索取号:TS262.5/42] 在馆    
3 2000147775   2000147775   旧书回溯/ [索取号:TS262.5/42] 在馆    
山东省滨州职业学院图书馆 欢迎您!
大连网信软件有限公司© 版权所有